| 000 -LEADER |
| fixed length control field |
02259cam a2200505 i 4500 |
| 001 - CONTROL NUMBER |
| control field |
21690195 |
| 003 - CONTROL NUMBER IDENTIFIER |
| control field |
NUST |
| 005 - DATE AND TIME OF LATEST TRANSACTION |
| control field |
20220825121402.0 |
| 008 - FIXED-LENGTH DATA ELEMENTS--GENERAL INFORMATION |
| fixed length control field |
200825s2021 nyu d 000 1 eng |
| 010 ## - LIBRARY OF CONGRESS CONTROL NUMBER |
| LC control number |
2020038805 |
| 020 ## - INTERNATIONAL STANDARD BOOK NUMBER |
| International Standard Book Number |
9781338712636 |
| Qualifying information |
(hardcover) |
| 020 ## - INTERNATIONAL STANDARD BOOK NUMBER |
| Canceled/invalid ISBN |
9781338712643 |
| Qualifying information |
(ebook) |
| 038 ## - RECORD CONTENT LICENSOR |
| Staff Name |
Azhar |
| 040 ## - CATALOGING SOURCE |
| Original cataloging agency |
NJQ/DLC |
| Language of cataloging |
eng |
| Transcribing agency |
DLC |
| Description conventions |
rda |
| Modifying agency |
DLC |
| 042 ## - AUTHENTICATION CODE |
| Authentication code |
lcac |
| -- |
pcc |
| 043 ## - GEOGRAPHIC AREA CODE |
| Geographic area code |
n-us-tx |
| 050 00 - LIBRARY OF CONGRESS CALL NUMBER |
| Classification number |
PZ7.1.B682 |
| Item number |
Yo 2021 |
| 082 04 - DEWEY DECIMAL CLASSIFICATION NUMBER |
| Classification number |
813.6 |
| -- |
Fic |
| Edition number |
23 |
| Author Mark |
BOU |
| 100 1# - MAIN ENTRY--PERSONAL NAME |
| Personal name |
Bourne, Brianna, |
| Relator term |
author. |
| 9 (RLIN) |
94975 |
| 245 10 - TITLE STATEMENT |
| Title |
You & me at the end of the world |
| Statement of responsibility, etc. |
Brianna Bourne. |
| 246 3# - VARYING FORM OF TITLE |
| Title proper/short title |
You and me at the end of the world |
| 250 ## - EDITION STATEMENT |
| Edition statement |
First edition. |
| 260 ## - PUBLICATION, DISTRIBUTION, ETC. |
| Place of publication, distribution, etc. |
New York : |
| Name of publisher, distributor, etc. |
Scholastic Press, |
| Date of publication, distribution, etc. |
2021 |
| 300 ## - PHYSICAL DESCRIPTION |
| Extent |
358 pages ; |
| Dimensions |
22 cm |
| 336 ## - CONTENT TYPE |
| Content type term |
text |
| Content type code |
txt |
| Source |
rdacontent |
| 337 ## - MEDIA TYPE |
| Media type term |
unmediated |
| Media type code |
n |
| Source |
rdamedia |
| 338 ## - CARRIER TYPE |
| Carrier type term |
volume |
| Carrier type code |
nc |
| Source |
rdacarrier |
| 520 ## - SUMMARY, ETC. |
| Summary, etc. |
For five days teenager Hannah Ashton has been living a nightmare because Greater Houston is devoid of people and totally silent, but then she finds Leo Sterling, a boy from her school whom Hannah considers to be both hot and trouble; together they set out to explore their city, and their own emotions--but above all they need to find out what has happened to their world, or risk being separated forever. |
| 521 ## - TARGET AUDIENCE NOTE |
| Target audience note |
Ages 14 and up. |
| Source |
Scholastic Press. |
| 521 ## - TARGET AUDIENCE NOTE |
| Target audience note |
Grades 10-12. |
| Source |
Scholastic Press. |
| 563 ## - BINDING INFORMATION |
| Binding note |
HB |
| 650 #0 - SUBJECT ADDED ENTRY--TOPICAL TERM |
| Topical term or geographic name entry element |
Teenagers |
| Form subdivision |
Juvenile fiction. |
| 9 (RLIN) |
94976 |
| 650 #0 - SUBJECT ADDED ENTRY--TOPICAL TERM |
| Topical term or geographic name entry element |
Interpersonal relations |
| Form subdivision |
Juvenile fiction. |
| 9 (RLIN) |
94977 |
| 650 #0 - SUBJECT ADDED ENTRY--TOPICAL TERM |
| Topical term or geographic name entry element |
Accident victims |
| Form subdivision |
Juvenile fiction. |
| 9 (RLIN) |
94978 |
| 650 #0 - SUBJECT ADDED ENTRY--TOPICAL TERM |
| Topical term or geographic name entry element |
Near-death experiences |
| Form subdivision |
Juvenile fiction. |
| 9 (RLIN) |
94979 |
| 650 #1 - SUBJECT ADDED ENTRY--TOPICAL TERM |
| Topical term or geographic name entry element |
Interpersonal relations |
| Form subdivision |
Fiction. |
| 650 #1 - SUBJECT ADDED ENTRY--TOPICAL TERM |
| Topical term or geographic name entry element |
Love |
| Form subdivision |
Fiction. |
| 9 (RLIN) |
94980 |
| 650 #1 - SUBJECT ADDED ENTRY--TOPICAL TERM |
| Topical term or geographic name entry element |
Near-death experiences |
| Form subdivision |
Fiction. |
| 9 (RLIN) |
94981 |
| 650 #1 - SUBJECT ADDED ENTRY--TOPICAL TERM |
| Topical term or geographic name entry element |
Traffic accidents |
| Form subdivision |
Fiction. |
| 9 (RLIN) |
94982 |
| 651 #1 - SUBJECT ADDED ENTRY--GEOGRAPHIC NAME |
| Geographic name |
Houston (Tex.) |
| Form subdivision |
Fiction. |
| 9 (RLIN) |
94983 |
| 776 08 - ADDITIONAL PHYSICAL FORM ENTRY |
| Relationship information |
Online version: |
| Main entry heading |
Bourne, Brianna. |
| Title |
You & me at the end of the world |
| Edition |
First edition. |
| Place, publisher, and date of publication |
New York : Scholastic Press, an imprint of Scholastic Inc., 2021 |
| International Standard Book Number |
9781338712643 |
| Record control number |
(DLC) 2020038806 |
| 906 ## - LOCAL DATA ELEMENT F, LDF (RLIN) |
| a |
7 |
| b |
cbc |
| c |
orignew |
| d |
1 |
| e |
ecip |
| f |
20 |
| g |
y-gencatlg |
| 942 ## - ADDED ENTRY ELEMENTS (KOHA) |
| Source of classification or shelving scheme |
|
| Koha item type |
Lincoln Corner |